[Event "Rapid Tournament (RAP)"]
[Site "Biel, CH"]
[Date "2025.07.13"]
[Round "7"]
[White "Dalay, Hakki Dogan"]
[Black "Laub, Patrick"]
[Result "1/2-1/2"]
[Board "29"]
[WhiteFideId "1364782"]
[BlackFideId "1302566"]
[WhiteElo "1795"]
[BlackElo "2018"]
[WhiteTeam "SUI"]
[BlackTeam "SUI"]
[WhiteClock "0:00:54"]
[BlackClock "0:01:08"]
[Variant "Standard"]

1. d4 {[%clk 0:14:47]}  d6 {[%clk 0:15:08]} 2. e4 {[%clk 0:14:49]}  Nf6 {[%clk 0:15:10]} 3. Nc3 {[%clk 0:14:12]}  e5 {[%clk 0:15:12]} 4. dxe5 {[%clk 0:13:52]}  dxe5 {[%clk 0:15:15]} 5. Qxd8+ {[%clk 0:13:51]}  Kxd8 {[%clk 0:15:18]} 6. Bg5 {[%clk 0:13:55]}  Be7 {[%clk 0:13:49]} 7. O-O-O+ {[%clk 0:13:46]}  Nbd7 {[%clk 0:13:24]} 8. Bc4 {[%clk 0:13:21]}  Ke8 {[%clk 0:12:53]} 9. Nf3 {[%clk 0:13:24]}  c6 {[%clk 0:12:46]} 10. Bh4 {[%clk 0:13:01]}  b5 {[%clk 0:12:32]} 11. Bb3 {[%clk 0:12:48]}  a5 {[%clk 0:07:09]} 12. a4 {[%clk 0:05:50]}  b4 {[%clk 0:12:25]} 13. Ne2 {[%clk 0:05:14]}  Nxe4 {[%clk 0:10:22]} 14. Bg3 {[%clk 0:05:17]}  f6 {[%clk 0:09:40]} 15. Rhe1 {[%clk 0:04:50]}  Nxg3 {[%clk 0:09:30]} 16. Nxg3 {[%clk 0:04:47]}  Nc5 {[%clk 0:09:29]} 17. Bc4 {[%clk 0:03:47]}  Nxa4 {[%clk 0:07:46]} 18. Nh5 {[%clk 0:01:48]}  Kf8 {[%clk 0:06:47]} 19. Nd2 {[%clk 0:02:09]}  Bg4 {[%clk 0:06:04]} 20. Be2 {[%clk 0:02:09]}  Bxe2 {[%clk 0:05:47]} 21. Rxe2 {[%clk 0:02:12]}  Kf7 {[%clk 0:04:43]} 22. f4 {[%clk 0:01:30]}  g6 {[%clk 0:04:19]} 23. Ng3 {[%clk 0:01:34]}  exf4 {[%clk 0:04:23]} 24. Nge4 {[%clk 0:01:26]}  f5 {[%clk 0:04:19]} 25. Nf2 {[%clk 0:01:22]}  Bc5 {[%clk 0:03:35]} 26. Nc4 {[%clk 0:01:09]}  Rad8 {[%clk 0:01:59]} 27. Nd3 {[%clk 0:00:47]}  Be3+ {[%clk 0:01:44]} 28. Nxe3 {[%clk 0:00:35]}  Rhe8 {[%clk 0:01:33]} 29. Ne5+ {[%clk 0:00:26]}  Rxe5 {[%clk 0:01:03]} 30. Rxd8 {[%clk 0:00:23]}  Rxe3 {[%clk 0:00:45]} 31. Rxe3 {[%clk 0:00:33]}  fxe3 {[%clk 0:00:48]} 32. Rd7+ {[%clk 0:00:34]}  Ke6 {[%clk 0:00:50]} 33. Rxh7 {[%clk 0:00:38]}  Nc5 {[%clk 0:00:40]} 34. Rh8 {[%clk 0:00:41]}  Ne4 {[%clk 0:00:43]} 35. Kd1 {[%clk 0:00:42]}  a4 {[%clk 0:00:46]} 36. Ke2 {[%clk 0:00:44]}  f4 {[%clk 0:00:50]} 37. Rg8 {[%clk 0:00:44]}  g5 {[%clk 0:00:53]} 38. Rg6+ {[%clk 0:00:48]}  Kd5 {[%clk 0:00:56]} 39. Rg8 {[%clk 0:00:39]}  a3 {[%clk 0:00:58]} 40. bxa3 {[%clk 0:00:39]}  bxa3 {[%clk 0:01:02]} 41. Ra8 {[%clk 0:00:43]}  a2 {[%clk 0:01:05]} 42. Kd3 {[%clk 0:00:42]}  Nf2+ {[%clk 0:01:06]} 43. Ke2 {[%clk 0:00:45]}  Ne4 {[%clk 0:01:10]} 44. Kd3 {[%clk 0:00:46]}  Nf2+ {[%clk 0:01:04]} 45. Ke2 {[%clk 0:00:51]}  Ne4 {[%clk 0:01:08]} 46. Kd3 {[%clk 0:00:54]} 1/2-1/2

[Event "Rapid Tournament (RAP)"]
[Site "Biel, CH"]
[Date "2025.07.13"]
[Round "7"]
[White "Wiesmann, Dominique"]
[Black "Jordan, Christina"]
[Result "0-1"]
[Board "30"]
[WhiteFideId "1308262"]
[BlackFideId "1347977"]
[WhiteElo "1978"]
[BlackElo "1710"]
[WhiteTeam "SUI"]
[BlackTeam "SUI"]
[WhiteClock "0:00:00"]
[BlackClock "0:00:15"]
[Variant "Standard"]

1. Nf3 {[%clk 0:15:08]}  d5 {[%clk 0:15:03]} 2. g3 {[%clk 0:15:11]}  Nf6 {[%clk 0:15:00]} 3. Bg2 {[%clk 0:15:15]}  b6 {[%clk 0:14:51]} 4. O-O {[%clk 0:15:13]}  Bb7 {[%clk 0:14:54]} 5. d3 {[%clk 0:15:09]}  e6 {[%clk 0:14:52]} 6. Nbd2 {[%clk 0:15:12]}  Be7 {[%clk 0:14:44]} 7. Re1 {[%clk 0:15:15]}  O-O {[%clk 0:14:37]} 8. h4 {[%clk 0:15:18]}  c5 {[%clk 0:14:29]} 9. Nf1 {[%clk 0:14:28]}  Nbd7 {[%clk 0:14:25]} 10. N1h2 {[%clk 0:14:32]}  e5 {[%clk 0:14:09]} 11. c4 {[%clk 0:14:11]}  d4 {[%clk 0:12:50]} 12. a3 {[%clk 0:14:03]}  Qc7 {[%clk 0:12:44]} 13. Bd2 {[%clk 0:13:59]}  h6 {[%clk 0:12:17]} 14. Rf1 {[%clk 0:13:00]}  e4 {[%clk 0:12:11]} 15. Ne1 {[%clk 0:13:02]}  Bd6 {[%clk 0:11:48]} 16. dxe4 {[%clk 0:12:28]}  Nxe4 {[%clk 0:11:39]} 17. Nef3 {[%clk 0:11:54]}  Ndf6 {[%clk 0:11:08]} 18. b4 {[%clk 0:11:29]}  Nxd2 {[%clk 0:10:59]} 19. Qxd2 {[%clk 0:11:28]}  Ne4 {[%clk 0:10:53]} 20. Qc2 {[%clk 0:10:45]}  Rfe8 {[%clk 0:10:10]} 21. bxc5 {[%clk 0:10:10]}  bxc5 {[%clk 0:10:13]} 22. Qd3 {[%clk 0:07:40]}  Rab8 {[%clk 0:09:14]} 23. Nd2 {[%clk 0:07:36]}  Nc3 {[%clk 0:07:22]} 24. e3 {[%clk 0:07:10]}  Bxg2 {[%clk 0:07:22]} 25. Kxg2 {[%clk 0:07:13]}  Be5 {[%clk 0:07:06]} 26. f4 {[%clk 0:05:36]}  Bf6 {[%clk 0:06:29]} 27. e4 {[%clk 0:05:08]}  Qc6 {[%clk 0:05:41]} 28. Rae1 {[%clk 0:05:20]}  Rb2 {[%clk 0:05:04]} 29. Kg1 {[%clk 0:05:02]}  Bd8 {[%clk 0:04:37]} 30. Nhf3 {[%clk 0:04:58]}  Bc7 {[%clk 0:04:12]} 31. e5 {[%clk 0:03:58]}  Ra2 {[%clk 0:03:06]} 32. Ra1 {[%clk 0:03:50]}  Rxa1 {[%clk 0:02:59]} 33. Rxa1 {[%clk 0:03:54]}  Na4 {[%clk 0:02:37]} 34. Rb1 {[%clk 0:02:35]}  Nc3 {[%clk 0:01:51]} 35. Re1 {[%clk 0:03:03]}  Na4 {[%clk 0:01:20]} 36. Ne4 {[%clk 0:02:46]}  Rb8 {[%clk 0:01:03]} 37. Re2 {[%clk 0:01:47]}  Nb2 {[%clk 0:00:12]} 38. Qb1 {[%clk 0:00:26]}  Nxc4 {[%clk 0:00:39]} 39. Qa2 {[%clk 0:00:30]}  Ne3 {[%clk 0:00:37]} 40. Ned2 {[%clk 0:00:17]}  Ba5 {[%clk 0:00:25]} 41. Kf2 {[%clk 0:00:08]}  Bxd2 {[%clk 0:00:25]} 42. Rxd2 {[%clk 0:00:07]}  Rd8 {[%clk 0:00:15]} 43. Qb3 {[%clk 0:00:00]} 0-1

[Event "Rapid Tournament (RAP)"]
[Site "Biel, CH"]
[Date "2025.07.13"]
[Round "7"]
[White "von Burg, Carl Alexander"]
[Black "Peter, Raymond"]
[Result "1/2-1/2"]
[Board "31"]
[WhiteFideId "1352458"]
[BlackFideId "1308890"]
[WhiteElo "1726"]
[BlackElo "1968"]
[WhiteTeam "SUI"]
[BlackTeam "SUI"]
[WhiteClock "0:15:05"]
[BlackClock "0:00:18"]
[Variant "Standard"]

1. d4 {[%clk 0:15:04]}  Nf6 {[%clk 0:15:09]} 2. c4 {[%clk 0:15:07]}  e6 {[%clk 0:15:13]} 3. g3 {[%clk 0:15:10]}  Bb4+ {[%clk 0:15:16]} 4. Nd2 {[%clk 0:15:12]}  O-O {[%clk 0:15:18]} 5. Bg2 {[%clk 0:15:09]}  d5 {[%clk 0:15:21]} 6. Ngf3 {[%clk 0:15:08]}  dxc4 {[%clk 0:15:18]} 7. O-O {[%clk 0:15:07]}  b5 {[%clk 0:15:20]} 8. a4 {[%clk 0:14:53]}  c6 {[%clk 0:14:04]} 9. axb5 {[%clk 0:13:07]}  cxb5 {[%clk 0:14:56]} 10. Ne1 {[%clk 0:13:09]}  Nd5 {[%clk 0:14:54]} 11. Nc2 {[%clk 0:12:26]}  Be7 {[%clk 0:14:04]} 12. e4 {[%clk 0:12:11]}  Nf6 {[%clk 0:14:07]} 13. e5 {[%clk 0:11:29]}  Nd5 {[%clk 0:14:11]} 14. Ne4 {[%clk 0:11:32]}  Bb7 {[%clk 0:14:10]} 15. Na3 {[%clk 0:09:36]}  a6 {[%clk 0:14:01]} 16. Bd2 {[%clk 0:09:02]}  Nc6 {[%clk 0:13:59]} 17. Be3 {[%clk 0:08:16]}  Nxe3 {[%clk 0:13:45]} 18. fxe3 {[%clk 0:08:19]}  Bg5 {[%clk 0:13:48]} 19. Qe1 {[%clk 0:06:53]}  Be7 {[%clk 0:12:15]} 20. Rc1 {[%clk 0:05:58]}  Rb8 {[%clk 0:11:49]} 21. Qe2 {[%clk 0:05:43]}  Nb4 {[%clk 0:11:46]} 22. Qg4 {[%clk 0:05:17]}  Bxe4 {[%clk 0:11:46]} 23. Bxe4 {[%clk 0:05:17]}  g6 {[%clk 0:11:49]} 24. h4 {[%clk 0:05:03]}  h5 {[%clk 0:11:21]} 25. Qf3 {[%clk 0:04:29]}  Kg7 {[%clk 0:11:22]} 26. Nb1 {[%clk 0:04:06]}  f5 {[%clk 0:11:23]} 27. exf6+ {[%clk 0:03:56]}  Rxf6 {[%clk 0:11:24]} 28. Qe2 {[%clk 0:03:43]}  Qd6 {[%clk 0:11:16]} 29. Kg2 {[%clk 0:03:38]}  Rbf8 {[%clk 0:11:14]} 30. Nc3 {[%clk 0:03:28]}  Qc7 {[%clk 0:10:44]} 31. Rxf6 {[%clk 0:03:11]}  Rxf6 {[%clk 0:10:44]} 32. Rf1 {[%clk 0:03:15]}  Rxf1 {[%clk 0:10:36]} 33. Qxf1 {[%clk 0:03:19]}  Bd6 {[%clk 0:10:41]} 34. Qf3 {[%clk 0:03:12]}  Nd3 {[%clk 0:10:40]} 35. Bxd3 {[%clk 0:03:07]}  cxd3 {[%clk 0:10:44]} 36. e4 {[%clk 0:03:02]}  d2 {[%clk 0:10:14]} 37. e5 {[%clk 0:02:57]}  Bb4 {[%clk 0:10:16]} 38. Ne4 {[%clk 0:02:37]}  Qf7 {[%clk 0:09:25]} 39. Nf6 {[%clk 0:02:02]}  Qa7 {[%clk 0:08:45]} 40. Ne8+ {[%clk 0:01:42]}  Kg8 {[%clk 0:08:08]} 41. Qf6 {[%clk 0:01:32]}  Kh7 {[%clk 0:07:38]} 42. Qf3 {[%clk 0:00:58]}  Qe7 {[%clk 0:06:50]} 43. Nf6+ {[%clk 0:00:45]}  Kg7 {[%clk 0:06:46]} 44. Ne4 {[%clk 0:00:45]}  Qf7 {[%clk 0:06:26]} 45. Nf6 {[%clk 0:00:48]}  Be7 {[%clk 0:06:21]} 46. Qd3 {[%clk 0:00:35]}  Bxf6 {[%clk 0:06:20]} 47. exf6+ {[%clk 0:00:34]}  Qxf6 {[%clk 0:06:22]} 48. Qxd2 {[%clk 0:00:38]}  Qf5 {[%clk 0:06:18]} 49. Kh2 {[%clk 0:00:26]}  Qd5 {[%clk 0:04:52]} 50. Qb4 {[%clk 0:00:13]}  Qd7 {[%clk 0:03:57]} 51. Kg2 {[%clk 0:00:13]}  Qc6+ {[%clk 0:03:52]} 52. Kh2 {[%clk 0:00:12]}  Kf7 {[%clk 0:03:54]} 53. Qd2 {[%clk 0:00:14]}  Qe4 {[%clk 0:03:14]} 54. b4 {[%clk 0:00:13]}  Qf5 {[%clk 0:02:31]} 55. Kg2 {[%clk 0:00:16]}  Qd5+ {[%clk 0:02:30]} 56. Kh2 {[%clk 0:00:17]}  e5 {[%clk 0:02:33]} 57. Qf2+ {[%clk 0:00:19]}  Kg7 {[%clk 0:02:35]} 58. dxe5 {[%clk 0:00:21]}  Qxe5 {[%clk 0:02:30]} 59. Qa7+ {[%clk 0:00:24]}  Kh6 {[%clk 0:02:29]} 60. Qxa6 {[%clk 0:00:25]}  Qb2+ {[%clk 0:02:28]} 61. Kh3 {[%clk 0:00:26]}  Qxb4 {[%clk 0:02:28]} 62. Qb6 {[%clk 0:00:18]}  Qg4+ {[%clk 0:02:28]} 63. Kh2 {[%clk 0:00:20]}  Qe2+ {[%clk 0:01:42]} 64. Kh3 {[%clk 0:00:18]}  Qc4 {[%clk 0:00:21]} 65. Qb8 {[%clk 0:00:04]}  Qe6+ {[%clk 0:00:18]} 66. Kh2 {[%clk 0:15:05]} 1/2-1/2

[Event "Rapid Tournament (RAP)"]
[Site "Biel, CH"]
[Date "2025.07.13"]
[Round "7"]
[White "Cordes, Jule"]
[Black "Thorens, Johan"]
[Result "1-0"]
[Board "32"]
[WhiteFideId "1060708"]
[BlackFideId "1364375"]
[WhiteElo "1946"]
[BlackElo "1657"]
[WhiteTeam "NED"]
[BlackTeam "SUI"]
[WhiteClock "0:04:07"]
[BlackClock "0:00:06"]
[Variant "Standard"]

1. d4 {[%clk 0:15:06]}  d5 {[%clk 0:15:07]} 2. c4 {[%clk 0:15:10]}  e6 {[%clk 0:15:10]} 3. Nc3 {[%clk 0:15:14]}  a6 {[%clk 0:15:14]} 4. cxd5 {[%clk 0:15:14]}  exd5 {[%clk 0:15:17]} 5. Nf3 {[%clk 0:15:16]}  h6 {[%clk 0:15:15]} 6. Bf4 {[%clk 0:15:06]}  Nf6 {[%clk 0:15:11]} 7. Qc2 {[%clk 0:14:00]}  Bd6 {[%clk 0:14:46]} 8. Bxd6 {[%clk 0:13:40]}  Qxd6 {[%clk 0:14:47]} 9. e3 {[%clk 0:13:43]}  Nc6 {[%clk 0:14:37]} 10. a3 {[%clk 0:13:37]}  O-O {[%clk 0:14:09]} 11. Bd3 {[%clk 0:13:38]}  Re8 {[%clk 0:14:06]} 12. h3 {[%clk 0:09:57]}  Qe6 {[%clk 0:11:07]} 13. O-O {[%clk 0:11:11]}  Ne7 {[%clk 0:10:34]} 14. Ne2 {[%clk 0:10:39]}  Qc6 {[%clk 0:09:24]} 15. Rfc1 {[%clk 0:09:40]}  Qxc2 {[%clk 0:09:21]} 16. Bxc2 {[%clk 0:09:17]}  c6 {[%clk 0:09:01]} 17. b4 {[%clk 0:09:09]}  Bf5 {[%clk 0:08:59]} 18. Bb3 {[%clk 0:09:09]}  Ng6 {[%clk 0:08:26]} 19. a4 {[%clk 0:09:03]}  Be4 {[%clk 0:07:29]} 20. Nd2 {[%clk 0:07:47]}  Bf5 {[%clk 0:06:38]} 21. Nc3 {[%clk 0:08:39]}  Be6 {[%clk 0:06:28]} 22. Bc2 {[%clk 0:08:25]}  Ne7 {[%clk 0:06:05]} 23. Bd3 {[%clk 0:08:23]}  Rec8 {[%clk 0:04:25]} 24. Nb3 {[%clk 0:08:20]}  Nd7 {[%clk 0:04:04]} 25. Ne2 {[%clk 0:07:40]}  Bf5 {[%clk 0:03:48]} 26. Nf4 {[%clk 0:06:40]}  Bxd3 {[%clk 0:02:16]} 27. Nxd3 {[%clk 0:06:44]}  Nb6 {[%clk 0:01:34]} 28. Nb2 {[%clk 0:06:26]}  Rc7 {[%clk 0:00:46]} 29. Rc2 {[%clk 0:06:09]}  Rac8 {[%clk 0:00:44]} 30. Rac1 {[%clk 0:06:24]}  Nd7 {[%clk 0:00:39]} 31. b5 {[%clk 0:06:05]}  axb5 {[%clk 0:00:17]} 32. axb5 {[%clk 0:06:07]}  Kf8 {[%clk 0:00:18]} 33. Na4 {[%clk 0:05:02]}  cxb5 {[%clk 0:00:09]} 34. Rxc7 {[%clk 0:05:05]}  Rxc7 {[%clk 0:00:06]} 35. Rxc7 {[%clk 0:05:09]}  bxa4 {[%clk 0:00:09]} 36. Rxd7 {[%clk 0:05:01]}  Ke8 {[%clk 0:00:11]} 37. Rxb7 {[%clk 0:04:49]}  axb3 {[%clk 0:00:12]} 38. Rxb3 {[%clk 0:04:53]}  Kd7 {[%clk 0:00:15]} 39. Kf1 {[%clk 0:04:47]}  Ke6 {[%clk 0:00:18]} 40. Ke2 {[%clk 0:04:48]}  f6 {[%clk 0:00:15]} 41. Rb7 {[%clk 0:04:41]}  g5 {[%clk 0:00:12]} 42. f3 {[%clk 0:04:41]}  Nf5 {[%clk 0:00:10]} 43. Rb6+ {[%clk 0:04:31]}  Nd6 {[%clk 0:00:09]} 44. e4 {[%clk 0:04:23]}  dxe4 {[%clk 0:00:06]} 45. fxe4 {[%clk 0:04:26]}  Ke7 {[%clk 0:00:10]} 46. Kd3 {[%clk 0:04:27]}  Nf7 {[%clk 0:00:12]} 47. g4 {[%clk 0:04:18]}  Nd6 {[%clk 0:00:15]} 48. e5 {[%clk 0:04:05]}  fxe5 {[%clk 0:00:12]} 49. dxe5 {[%clk 0:04:08]}  Nf7 {[%clk 0:00:16]} 50. Ke4 {[%clk 0:04:07]}  Kd7 {[%clk 0:00:06]} 1-0

[Event "Rapid Tournament (RAP)"]
[Site "Biel, CH"]
[Date "2025.07.13"]
[Round "7"]
[White "Dubel, Nathan"]
[Black "Gireada, Daniel"]
[Result "0-1"]
[Board "33"]
[WhiteFideId "1359410"]
[BlackFideId "1206451"]
[WhiteElo "1778"]
[BlackElo "2255"]
[WhiteTeam "SUI"]
[BlackTeam "ROU"]
[WhiteClock "0:02:01"]
[BlackClock "0:01:21"]
[Variant "Standard"]

1. d4 {[%clk 0:15:08]}  Nf6 {[%clk 0:15:06]} 2. c4 {[%clk 0:15:07]}  g6 {[%clk 0:15:10]} 3. g3 {[%clk 0:15:08]}  d5 {[%clk 0:15:14]} 4. Nc3 {[%clk 0:15:09]}  Bg7 {[%clk 0:15:16]} 5. Bg2 {[%clk 0:15:04]}  dxc4 {[%clk 0:15:05]} 6. Qa4+ {[%clk 0:15:04]}  c6 {[%clk 0:14:56]} 7. Qxc4 {[%clk 0:15:01]}  O-O {[%clk 0:14:57]} 8. Nf3 {[%clk 0:15:04]}  Nbd7 {[%clk 0:14:50]} 9. O-O {[%clk 0:14:57]}  Nb6 {[%clk 0:14:39]} 10. Qd3 {[%clk 0:15:00]}  Nfd5 {[%clk 0:14:10]} 11. e4 {[%clk 0:14:51]}  Nxc3 {[%clk 0:14:11]} 12. bxc3 {[%clk 0:14:55]}  c5 {[%clk 0:14:07]} 13. Rd1 {[%clk 0:13:47]}  c4 {[%clk 0:13:26]} 14. Qe2 {[%clk 0:13:41]}  Bg4 {[%clk 0:12:30]} 15. h3 {[%clk 0:13:36]}  Bd7 {[%clk 0:12:34]} 16. Ne5 {[%clk 0:13:35]}  Ba4 {[%clk 0:12:21]} 17. Rf1 {[%clk 0:13:02]}  Rc8 {[%clk 0:12:23]} 18. Rb1 {[%clk 0:12:40]}  f6 {[%clk 0:11:22]} 19. Ng4 {[%clk 0:12:00]}  h5 {[%clk 0:10:57]} 20. Ne3 {[%clk 0:12:02]}  e5 {[%clk 0:09:54]} 21. Ba3 {[%clk 0:11:49]}  exd4 {[%clk 0:09:12]} 22. Bxf8 {[%clk 0:09:53]}  Bxf8 {[%clk 0:09:15]} 23. cxd4 {[%clk 0:09:26]}  Qxd4 {[%clk 0:09:17]} 24. Nc2 {[%clk 0:09:22]}  Qe5 {[%clk 0:08:44]} 25. Rfc1 {[%clk 0:08:38]}  c3 {[%clk 0:08:27]} 26. Nb4 {[%clk 0:07:54]}  a5 {[%clk 0:06:46]} 27. Nd3 {[%clk 0:07:50]}  Qd4 {[%clk 0:06:31]} 28. Nf4 {[%clk 0:05:58]}  c2 {[%clk 0:05:35]} 29. Ra1 {[%clk 0:05:24]}  Kh7 {[%clk 0:03:45]} 30. Ne6 {[%clk 0:05:18]}  Qc4 {[%clk 0:03:38]} 31. Nxf8+ {[%clk 0:04:18]}  Rxf8 {[%clk 0:03:40]} 32. Bf1 {[%clk 0:04:00]}  Qxe2 {[%clk 0:02:56]} 33. Bxe2 {[%clk 0:04:04]}  Rd8 {[%clk 0:03:00]} 34. a3 {[%clk 0:03:27]}  Bb3 {[%clk 0:02:38]} 35. a4 {[%clk 0:03:15]}  Nxa4 {[%clk 0:02:11]} 36. Ra3 {[%clk 0:03:18]}  Rd1+ {[%clk 0:01:42]} 37. Bxd1 {[%clk 0:03:11]}  cxd1=Q+ {[%clk 0:01:42]} 38. Rxd1 {[%clk 0:03:10]}  Bxd1 {[%clk 0:01:42]} 39. Rd3 {[%clk 0:03:11]}  Bc2 {[%clk 0:01:39]} 40. Rd7+ {[%clk 0:03:13]}  Kh6 {[%clk 0:01:34]} 41. Rxb7 {[%clk 0:03:16]}  Bxe4 {[%clk 0:01:25]} 42. Ra7 {[%clk 0:03:19]}  Nc5 {[%clk 0:01:14]} 43. Rxa5 {[%clk 0:03:22]}  Nd3 {[%clk 0:01:18]} 44. Ra6 {[%clk 0:02:57]}  f5 {[%clk 0:01:08]} 45. Re6 {[%clk 0:02:58]}  Nc5 {[%clk 0:01:14]} 46. Re5 {[%clk 0:03:02]}  Nd7 {[%clk 0:01:13]} 47. Re7 {[%clk 0:02:57]}  Nf6 {[%clk 0:01:16]} 48. Re6 {[%clk 0:02:50]}  Kg7 {[%clk 0:01:16]} 49. Re5 {[%clk 0:02:27]}  Kf7 {[%clk 0:01:18]} 50. Kh2 {[%clk 0:02:09]}  Nd5 {[%clk 0:01:22]} 51. g4 {[%clk 0:02:06]}  Kf6 {[%clk 0:01:17]} 52. Re8 {[%clk 0:02:04]}  Ne7 {[%clk 0:01:13]} 53. gxh5 {[%clk 0:02:04]}  gxh5 {[%clk 0:01:16]} 54. Kg3 {[%clk 0:01:59]}  Bd5 {[%clk 0:01:15]} 55. Rh8 {[%clk 0:01:47]}  Kg6 {[%clk 0:01:13]} 56. Kh4 {[%clk 0:01:43]}  Bf3 {[%clk 0:01:13]} 57. Re8 {[%clk 0:01:35]}  Kf7 {[%clk 0:01:08]} 58. Rh8 {[%clk 0:01:37]}  Ng8 {[%clk 0:00:59]} 59. Rh7+ {[%clk 0:01:36]}  Kg6 {[%clk 0:01:03]} 60. Rc7 {[%clk 0:01:36]}  Nf6 {[%clk 0:01:06]} 61. Rc3 {[%clk 0:01:37]}  Bd1 {[%clk 0:01:00]} 62. Rg3+ {[%clk 0:01:41]}  Kh6 {[%clk 0:01:01]} 63. Rg5 {[%clk 0:01:44]}  Bc2 {[%clk 0:01:01]} 64. f4 {[%clk 0:01:40]}  Be4 {[%clk 0:00:55]} 65. Kg3 {[%clk 0:01:42]}  Bc2 {[%clk 0:00:44]} 66. Kf2 {[%clk 0:01:45]}  Ne4+ {[%clk 0:00:48]} 67. Ke3 {[%clk 0:01:46]}  Nxg5 {[%clk 0:00:51]} 68. fxg5+ {[%clk 0:01:47]}  Kxg5 {[%clk 0:00:55]} 69. Kf3 {[%clk 0:01:51]}  Be4+ {[%clk 0:00:58]} 70. Kg3 {[%clk 0:01:54]}  f4+ {[%clk 0:01:01]} 71. Kh2 {[%clk 0:01:56]}  f3 {[%clk 0:01:03]} 72. Kg3 {[%clk 0:02:00]}  h4+ {[%clk 0:01:07]} 73. Kf2 {[%clk 0:02:02]}  Kf4 {[%clk 0:01:11]} 74. Kg1 {[%clk 0:02:03]}  Kg3 {[%clk 0:01:13]} 75. Kf1 {[%clk 0:02:03]}  Bd3+ {[%clk 0:01:17]} 76. Ke1 {[%clk 0:02:01]}  f2+ {[%clk 0:01:21]} 0-1

[Event "Rapid Tournament (RAP)"]
[Site "Biel, CH"]
[Date "2025.07.13"]
[Round "7"]
[White "Sauvin, Jacques"]
[Black "Tereshchenko, Eliza"]
[Result "0-1"]
[Board "34"]
[WhiteFideId "1301888"]
[BlackFideId "34389890"]
[WhiteElo "2147"]
[BlackElo "1808"]
[WhiteTeam "SUI"]
[BlackTeam "FID"]
[WhiteClock "0:00:45"]
[BlackClock "0:00:15"]
[Variant "Standard"]

1. d4 {[%clk 0:15:07]}  d5 {[%clk 0:15:07]} 2. Nf3 {[%clk 0:15:08]}  Nf6 {[%clk 0:15:08]} 3. c4 {[%clk 0:15:09]}  e6 {[%clk 0:15:10]} 4. Nc3 {[%clk 0:15:09]}  Be7 {[%clk 0:15:10]} 5. Bg5 {[%clk 0:15:08]}  h6 {[%clk 0:15:01]} 6. Bxf6 {[%clk 0:15:03]}  Bxf6 {[%clk 0:15:03]} 7. e3 {[%clk 0:15:04]}  O-O {[%clk 0:15:02]} 8. h3 {[%clk 0:14:54]}  a6 {[%clk 0:14:47]} 9. cxd5 {[%clk 0:14:50]}  exd5 {[%clk 0:14:50]} 10. Bd3 {[%clk 0:14:53]}  c5 {[%clk 0:14:22]} 11. O-O {[%clk 0:14:38]}  cxd4 {[%clk 0:13:27]} 12. Nxd4 {[%clk 0:14:30]}  Nc6 {[%clk 0:12:59]} 13. Nce2 {[%clk 0:14:17]}  Kh8 {[%clk 0:12:49]} 14. Rc1 {[%clk 0:14:18]}  Nxd4 {[%clk 0:12:39]} 15. Nxd4 {[%clk 0:13:01]}  Bxd4 {[%clk 0:10:24]} 16. exd4 {[%clk 0:14:19]}  Qb6 {[%clk 0:10:23]} 17. Qb3 {[%clk 0:12:42]}  Qxd4 {[%clk 0:09:34]} 18. Rfd1 {[%clk 0:11:04]}  Qe5 {[%clk 0:09:08]} 19. Qb6 {[%clk 0:08:39]}  Qg5 {[%clk 0:07:43]} 20. Kh1 {[%clk 0:08:03]}  Be6 {[%clk 0:06:26]} 21. Rc7 {[%clk 0:07:41]}  Qh5 {[%clk 0:06:04]} 22. Rcc1 {[%clk 0:05:46]}  Rac8 {[%clk 0:05:18]} 23. Bf1 {[%clk 0:04:49]}  Rb8 {[%clk 0:03:05]} 24. b3 {[%clk 0:04:42]}  Bd7 {[%clk 0:02:39]} 25. Re1 {[%clk 0:04:20]}  Bc6 {[%clk 0:02:34]} 26. Be2 {[%clk 0:04:22]}  Qf5 {[%clk 0:01:31]} 27. Bf3 {[%clk 0:04:07]}  Rfe8 {[%clk 0:01:18]} 28. Kg1 {[%clk 0:03:10]}  Qf6 {[%clk 0:00:58]} 29. Rcd1 {[%clk 0:01:49]}  Rxe1+ {[%clk 0:00:22]} 30. Rxe1 {[%clk 0:03:15]}  Qc3 {[%clk 0:00:24]} 31. Re7 {[%clk 0:01:57]}  Qc1+ {[%clk 0:00:24]} 32. Kh2 {[%clk 0:01:59]}  Qf4+ {[%clk 0:00:27]} 33. Kg1 {[%clk 0:02:02]}  Rc8 {[%clk 0:00:22]} 34. Qc5 {[%clk 0:01:47]}  Bd7 {[%clk 0:00:12]} 35. Qxc8+ {[%clk 0:01:33]}  Bxc8 {[%clk 0:00:15]} 36. Re8+ {[%clk 0:01:37]}  Kh7 {[%clk 0:00:19]} 37. Rxc8 {[%clk 0:01:41]}  Qf5 {[%clk 0:00:12]} 38. Rd8 {[%clk 0:01:36]}  Qb1+ {[%clk 0:00:14]} 39. Kh2 {[%clk 0:01:38]}  Qxa2 {[%clk 0:00:15]} 40. Bxd5 {[%clk 0:01:35]}  b6 {[%clk 0:00:08]} 41. Bxf7 {[%clk 0:01:30]}  Qxf2 {[%clk 0:00:11]} 42. Bg8+ {[%clk 0:01:20]}  Kg6 {[%clk 0:00:14]} 43. Rd6+ {[%clk 0:01:22]}  Kf5 {[%clk 0:00:10]} 44. Rd8 {[%clk 0:00:47]}  Qf4+ {[%clk 0:00:11]} 45. Kh1 {[%clk 0:00:45]}  Qc1+ {[%clk 0:00:15]} 0-1

[Event "Rapid Tournament (RAP)"]
[Site "Biel, CH"]
[Date "2025.07.13"]
[Round "7"]
[White "Paholok, Igor"]
[Black "Fragniere, Thierry"]
[Result "0-1"]
[Board "35"]
[WhiteFideId "1338951"]
[BlackFideId "1306537"]
[WhiteElo "1765"]
[BlackElo "2110"]
[WhiteTeam "SUI"]
[BlackTeam "FRA"]
[WhiteClock "0:07:39"]
[BlackClock "0:05:45"]
[Variant "Standard"]

1. b4 {[%clk 0:15:07]}  d5 {[%clk 0:14:43]} 2. Bb2 {[%clk 0:15:10]}  Bf5 {[%clk 0:14:39]} 3. e3 {[%clk 0:15:06]}  Nf6 {[%clk 0:14:16]} 4. Nf3 {[%clk 0:14:56]}  e6 {[%clk 0:14:10]} 5. a3 {[%clk 0:14:44]}  Bd6 {[%clk 0:14:03]} 6. Nh4 {[%clk 0:14:16]}  Bg4 {[%clk 0:14:11]} 7. f3 {[%clk 0:13:10]}  Bh5 {[%clk 0:14:03]} 8. g3 {[%clk 0:12:35]}  a5 {[%clk 0:13:06]} 9. b5 {[%clk 0:12:37]}  c5 {[%clk 0:13:10]} 10. c4 {[%clk 0:12:35]}  Nbd7 {[%clk 0:13:02]} 11. Nc3 {[%clk 0:12:26]}  O-O {[%clk 0:12:43]} 12. Na4 {[%clk 0:12:05]}  Ne4 {[%clk 0:11:51]} 13. d3 {[%clk 0:11:01]}  Nxg3 {[%clk 0:11:19]} 14. hxg3 {[%clk 0:11:05]}  Bxg3+ {[%clk 0:11:22]} 15. Kd2 {[%clk 0:11:08]}  Bxh4 {[%clk 0:11:13]} 16. Be2 {[%clk 0:10:58]}  Bg6 {[%clk 0:10:45]} 17. Qg1 {[%clk 0:10:05]}  dxc4 {[%clk 0:09:51]} 18. Rxh4 {[%clk 0:09:53]}  Qxh4 {[%clk 0:09:42]} 19. dxc4 {[%clk 0:09:57]}  Rfd8 {[%clk 0:09:14]} 20. Kc3 {[%clk 0:09:59]}  Ne5 {[%clk 0:07:55]} 21. Nxc5 {[%clk 0:09:31]}  b6 {[%clk 0:06:32]} 22. Kb3 {[%clk 0:08:04]}  Nxc4 {[%clk 0:05:48]} 23. Bxc4 {[%clk 0:07:59]}  bxc5 {[%clk 0:05:44]} 24. Bc3 {[%clk 0:07:39]}  a4+ {[%clk 0:05:45]} 0-1